Las Guajibiadas / (Registro nro. 38543)

Detalles MARC
000 -CABECERA
Longitud fija campo de control 00958cam a2200301 a 4500
003 - IDENTIFICADOR DEL NUMERO DE CONTROL
Identificador del número de control CO-BoRNBP
005 - FECHA Y HORA DE LA ULTIMA TRANSACCION
Fecha y hora de la última transacción 20241114152724.0
007 - CAMPO FIJO DE DESCRIPCION FISICA
Campo fijo de descripción física ta
008 - CODIGOS DE INFORMACION DE LONGITUD FIJA
Códigos de información de longitud fija 970129s1995 ck r 00011 spa d
040 ## - FUENTE DE LA CATALOGACION
Centro catalogador de origen la
Centro transcriptor la
Lengua de catalogación spa
Normas de descripción rda
041 0# - CODIGO DE LENGUA
Código de lengua del texto/banda sonora o título independiente spa
043 ## - CODIGO DE AREA GEOGRAFICA
Código de área geográfica s-ck---
082 04 - NUMERO DE LA CLASIFICACION DECIMAL DEWEY
Número de clasificación (R) Co863.6
Número del ítem A66g1
100 1# - PUNTO DE ACCESO PRINCIPAL-NOMBRE DE PERSONA
Nombre de persona Aponte de Torres, Silvia,
Fechas asociadas al nombre 1936-2014.
240 00 - TITULO UNIFORME
Título uniforme <a href="Arauca-Bibliografía regional">Arauca-Bibliografía regional</a>
245 14 - TITULO PROPIAMENTE DICHO
Título Las Guajibiadas /
Mención de responsabilidad, etc. Silvia Aponte.
250 ## - MENCION DE EDICION
Mención de edición 2a. ed.
300 ## - DESCRIPCION FISICA
Extensión 303 p. ;
Dimensiones 19 cm.
336 ## - TIPO DE CONTENIDO
Fuente rdacontenido
Término de tipo de contenido texto
Código de tipo de contenido txt
337 ## - TIPO DE MEDIO
Fuente rdamedio
Nombre del tipo de medio sin mediación
Código del tipo de medio n
338 ## - TIPO DE SOPORTE
Fuente rdasoporte
Nombre del tipo de soporte volumen
Código del tipo de soporte nc
650 #7 - PUNTO DE ACCESO ADICIONAL DE MATERIA - TERMINO DE MATERIA
Término de materia o nombre geográfico como elemento inicial Novela colombiana.
Fuente del encabezamiento BLAAUTO
650 #7 - PUNTO DE ACCESO ADICIONAL DE MATERIA - TERMINO DE MATERIA
Término de materia o nombre geográfico como elemento inicial Indígenas de Colombia
Subdivisión de materia general Vida social y costumbres
Subdivisión de forma Novela.
Fuente del encabezamiento BLAAUTO
651 #7 - PUNTO DE ACCESO ADICIONAL DE MATERIA - NOMBRE GEOGRAFICO
Nombre geográfico Llanos Orientales (Colombia)
Subdivisión de materia general Vida social y costumbres
Subdivisión de forma Novela.
830 #0 - PUNTO DE ACCESO ADICIONAL DE SERIE - TITULO UNIFORME
Título uniforme Corpes-Orinoquía-Libros
942 ## - ENTRADA DE ELEMENTOS AGREGADOS (KOHA)
Fuente de clasificaión o esquema Dewey Decimal Classification
Koha [por defecto] tipo de item Libro Literatura
949 ## - TRATAMIENTO DE LA INFORMACION LOCAL (OCLC)
a c
b c
Existencias
Perdido Fuente de clasificaci&oacute;n o esquema Estado Físico No para pr&eacute;stamo Forma de adquisición Localizaci&oacute;n permanente Localizaci&oacute;n actual Localización en estanterías Fecha adquisici&oacute;n Fuente de adquisici&oacute;n Pr&eacute;stamos totales Signatura completa C&oacute;digo de barras Fecha &uacute;ltima consulta N&uacute;mero de copia Fecha del precio de reemplazo Tipo de item de Koha
  Dewey Decimal Classification     Colección General Biblioteca Pública Guamal Biblioteca Pública Guamal Literatura 11/14/2024 Literatura Regional   863.6 A66g1 GUA005403 11/14/2024 Ej.1 11/14/2024 Libro Literatura
  Clasificación Local Facetada     Literatura General Biblioteca Pública San Juanito - Ernesto Maria Peña Romero Biblioteca Pública San Juanito - Ernesto Maria Peña Romero Literatura 03/11/2026     N APO SJU02597 03/11/2026 Ej.1 03/11/2026 Libro Literatura









Instituto Departamental de Cultura del Meta - Red Departamental de Bibliotecas Públicas del Meta.